| 000 | 01015pam a2200289 a 4500 | ||
|---|---|---|---|
| 001 | 3805738 | ||
| 003 | ARRUPE | ||
| 005 | 20140131135315.0 | ||
| 008 | 850822s1985 mdua b 100 0 eng | ||
| 010 | _a 85020280 | ||
| 020 |
_a0819149845 (alk. paper) : _c$19.75 |
||
| 020 |
_a0819149853 (pbk. : alk. paper) : _c$8.75 |
||
| 040 |
_aDLC _cDLC _dDLC |
||
| 050 | 0 | 0 |
_aHQ1073 _b.C67 1985 |
| 082 | 0 | 0 |
_a306.9 _219 |
| 245 | 0 | 0 |
_aCoping with death and dying : _ban interdisciplinary approach / _cedited by John T. Chirban. |
| 260 |
_aLanham, MD : _bUniversity Press of America, _cc1985. |
||
| 300 |
_avi, 97 p. : _bill. ; _c23 cm. |
||
| 504 | _aIncludes bibliographical references. | ||
| 650 | 0 |
_aDeath _xCongresses. _97567 |
|
| 650 | 0 |
_aDeath _xPsychological aspects _xCongresses. _97568 |
|
| 650 | 0 |
_aDeath _xReligious aspects _xCongresses. _97569 |
|
| 650 | 0 |
_aTerminal care _xCongresses. _97570 |
|
| 700 | 1 |
_aChirban, John T. _97571 |
|
| 906 |
_a7 _bcbc _corignew _d1 _eocip _f19 _gy-gencatlg |
||
| 942 |
_2lcc _cMONOGRAPH |
||
| 999 |
_c119840 _d119840 |
||